[Event "Arandjelovac ASK-13 IM"]
[Site "Arandjelovac"]
[Date "2023.12.24"]
[Round "9"]
[White "Ilincic, Zlatko"]
[Black "Ghazaryan, Raffi"]
[Result "1/2-1/2"]
[WhiteElo "2302"]
[BlackElo "2053"]
[PlyCount "93"]
[EventDate "2023.12.18"]
[EventType "tourn"]
[EventRounds "9"]
[EventCountry "SRB"]
[SourceTitle "CB52_2023"]
[SourceDate "2023.12.27"]
[SourceVersion "1"]
[SourceVersionDate "2023.12.27"]
[SourceQuality "1"]

1. d4 Nf6 2. c4 c5 3. Nf3 cxd4 4. Nxd4 Nc6 5. Nc3 Qb6 6. e3 g6 7. Be2 Bg7 8. 0-0 0-0 9. b3 d6 10. Bb2 Nxd4 11. exd4 Bf5 12. Bf3 Rad8 13. d5 Qc7 14. Re1 Rfe8 15. h3 a6 16. a4 h5 17. a5 e5 18. dxe6 Bxe6 19. Qd2 Nd7 20. Nd5 Bxd5 21. Bxg7 Kxg7 22. Qxd5 Ne5 23. Qxb7 Nxf3+ 24. Qxf3 Rxe1+ 25. Rxe1 Qxa5 26. Re7 Qa1+ 27. Kh2 Qf6 28. Qxf6+ Kxf6 29. Ra7 Rb8 30. Rxa6 Rxb3 31. Rxd6+ Ke7 32. Rd4 Rc3 33. h4 Ke6 34. Rf4 f5 35. Rd4 Ke5 36. Rd5+ Ke6 37. Rc5 Kd6 38. Rc8 Kd7 39. Rg8 Rxc4 40. Rg7+ Ke6 41. Rxg6+ Kf7 42. Rg5 Rxh4+ 43. Kg3 Rg4+ 44. Rxg4 fxg4 45. Kf4 Kf6 46. g3 Kg6 47. f3 1/2-1/2

[Event "Arandjelovac ASK-12 IM"]
[Site "Arandjelovac"]
[Date "2023.12.12"]
[Round "2"]
[White "Ghazaryan, Raffi"]
[Black "Anishka, Vikram"]
[Result "1-0"]
[WhiteElo "2053"]
[BlackElo "1859"]
[PlyCount "89"]
[EventDate "2023.12.11"]
[EventType "tourn"]
[EventRounds "9"]
[EventCountry "SRB"]
[SourceTitle "CB51_2023"]
[SourceDate "2023.12.20"]
[SourceVersion "1"]
[SourceVersionDate "2023.12.20"]
[SourceQuality "1"]

1. e4 c5 2. Nf3 d6 3. d4 cxd4 4. Qxd4 Nc6 5. Bb5 Bd7 6. Bxc6 Bxc6 7. Nc3 Nf6 8. Bg5 e6 9. 0-0-0 Be7 10. Qd3 0-0 11. h4 Qc7 12. Nd4 a6 13. f4 Rfd8 14. Bxf6 Bxf6 15. g4 b5 16. Nxc6 Qxc6 17. Ne2 d5 18. e5 Be7 19. Nd4 Qc4 20. Kb1 Qxd3 21. Rxd3 Bc5 22. h5 h6 23. Nf3 Kf8 24. Rf1 Ke7 25. f5 Rg8 26. Rd2 Bb6 27. Re2 Rac8 28. fxe6 fxe6 29. Nh4 Rc4 30. Ng6+ Ke8 31. Rg2 Re4 32. c3 Bc7 33. Rgf2 Bxe5 34. Rf7 Bf6 35. Ra7 Rxg4 36. Ra8+ Bd8 37. Rxa6 Re4 38. Ra7 b4 39. cxb4 Bf6 40. Ra8+ Kf7 41. Ra7+ Ke8 42. b5 Rb4 43. Ra8+ Bd8 44. a4 d4 45. Ne5 1-0

[Event "Arandjelovac op 2nd"]
[Site "Arandjelovac"]
[Date "2023.08.03"]
[Round "6"]
[White "Ghazaryan, Raffi"]
[Black "Balabayeva, Kseniya"]
[Result "0-1"]
[WhiteElo "2070"]
[BlackElo "2188"]
[PlyCount "56"]
[EventDate "2023.07.31"]
[EventType "swiss"]
[EventRounds "9"]
[EventCountry "SRB"]
[SourceTitle "CBM 215 Extra"]
[Source "ChessBase"]
[SourceDate "2023.09.30"]
[SourceVersion "1"]
[SourceVersionDate "2023.09.30"]
[SourceQuality "1"]

1. e4 c6 2. Nc3 d5 3. d4 dxe4 4. Nxe4 Nf6 5. Nxf6+ exf6 6. c3 Bd6 7. Bd3 0-0 8. Qc2 Re8+ 9. Ne2 h5 10. 0-0 h4 11. h3 Nd7 12. Bd2 Nf8 13. Rfe1 Bd7 14. c4 Rc8 15. Rad1 g6 16. Be3 Bb8 17. Bd2 Qc7 18. Bf4 Rxe2 19. Bxc7 Rxc2 20. Bxb8 Rxb2 21. Bxa7 Ra8 22. Bc5 Ne6 23. Bb1 Nxc5 24. dxc5 Be6 25. Bxg6 f5 26. Re5 Kg7 27. Bh5 Raxa2 28. Bf3 Rxf2 0-1

[Event "Arandjelovac op 2nd"]
[Site "Arandjelovac"]
[Date "2023.08.02"]
[Round "4"]
[White "Ghazaryan, Raffi"]
[Black "Pavicevic, Jovan R"]
[Result "1-0"]
[WhiteElo "2070"]
[BlackElo "2208"]
[PlyCount "58"]
[EventDate "2023.07.31"]
[EventType "swiss"]
[EventRounds "9"]
[EventCountry "SRB"]
[SourceTitle "CBM 215 Extra"]
[Source "ChessBase"]
[SourceDate "2023.09.30"]
[SourceVersion "1"]
[SourceVersionDate "2023.09.30"]
[SourceQuality "1"]

1. e4 e6 2. d4 d5 3. Nc3 Bb4 4. e5 c5 5. a3 Bxc3+ 6. bxc3 Ne7 7. Nf3 b6 8. Bb5+ Kf8 9. Be2 Ba6 10. a4 Bxe2 11. Qxe2 cxd4 12. cxd4 Nbc6 13. 0-0 Kg8 14. Bd2 Nf5 15. Qd3 h6 16. h3 Rb8 17. g4 Nh4 18. Nxh4 Qxh4 19. f4 Qd8 20. f5 h5 21. g5 exf5 22. Rxf5 Qe8 23. Raf1 Nd8 24. g6 Rb7 25. Bg5 f6 26. exf6 Qxg6 27. Rxd5 Qxd3 28. Rxd8+ Kh7 29. Rxh8+ Kxh8 1-0

[Event "Las Vegas 1000 GM op"]
[Site "Las Vegas"]
[Date "2023.06.11"]
[Round "6"]
[White "Ghazaryan, Raffi"]
[Black "Wang, Jeffery"]
[Result "1/2-1/2"]
[WhiteElo "2174"]
[BlackElo "2165"]
[PlyCount "51"]
[EventDate "2023.06.08"]
[EventType "swiss"]
[EventRounds "9"]
[EventCountry "USA"]
[SourceTitle "CBM 214 Extra"]
[Source "ChessBase"]
[SourceDate "2023.07.31"]
[SourceVersion "1"]
[SourceVersionDate "2023.07.31"]
[SourceQuality "1"]

1. e4 e5 2. Nf3 Nc6 3. Bb5 Nf6 4. d3 Bc5 5. 0-0 Nd4 6. Nxd4 Bxd4 7. c3 Bb6 8. Bg5 h6 9. Bh4 c6 10. Ba4 0-0 11. Nd2 g5 12. Bg3 d6 13. Nc4 Bg4 14. Qd2 Bc7 15. Bc2 Bh5 16. d4 Qe7 17. Ne3 Bg6 18. Nf5 Bxf5 19. exf5 Nh5 20. Rfe1 Nxg3 21. hxg3 Qf6 22. d5 g4 23. Be4 cxd5 24. Qxd5 Rab8 25. Rad1 Kg7 26. Qc4 1/2-1/2

[Event "Las Vegas 1000 GM op"]
[Site "Las Vegas"]
[Date "2023.06.10"]
[Round "4"]
[White "Qin, Vincent1111"]
[Black "Ghazaryan, Raffi"]
[Result "1-0"]
[WhiteElo "1908"]
[BlackElo "2174"]
[PlyCount "101"]
[EventDate "2023.06.08"]
[EventType "swiss"]
[EventRounds "9"]
[EventCountry "USA"]
[SourceTitle "CBM 214 Extra"]
[Source "ChessBase"]
[SourceDate "2023.07.31"]
[SourceVersion "1"]
[SourceVersionDate "2023.07.31"]
[SourceQuality "1"]

1. e4 c5 2. Nf3 d6 3. d4 cxd4 4. Nxd4 Nf6 5. Nc3 a6 6. Be3 e5 7. Nb3 Be6 8. f3 h5 9. Be2 Nbd7 10. f4 Rc8 11. f5 Bc4 12. Bxc4 Rxc4 13. Qd3 b5 14. h3 Be7 15. 0-0-0 Qc7 16. Nd2 Nc5 17. Bxc5 Rxc5 18. a3 0-0 19. g4 Rc8 20. g5 Nd7 21. Rhg1 Nb6 22. Kb1 a5 23. Nxb5 Qb7 24. Nxd6 Bxd6 25. Qxd6 R5c6 26. Qd3 Na4 27. Nb3 Qb6 28. Rg2 Nc3+ 29. bxc3 a4 30. Kb2 axb3 31. cxb3 Rxc3 32. Qd5 Qc7 33. Qd2 Qb6 34. b4 Qc7 35. h4 Qb6 36. Qd7 R3c4 37. Rd3 Qb8 38. g6 f6 39. Rgd2 Rd4 40. Rxd4 exd4 41. Rxd4 Qh2+ 42. Rd2 Qe5+ 43. Qd4 Qc7 44. Qc5 Qb8 45. Qd5+ Kh8 46. Qd6 Qa8 47. Rd5 Re8 48. e5 fxe5 49. f6 Qa7 50. f7 Qf2+ 51. Rd2 1-0

[Event "Los Angeles 1000GM Spring op"]
[Site "Los Angeles"]
[Date "2023.03.18"]
[Round "2"]
[White "Ghazarian, Kirk Vagho"]
[Black "Ghazaryan, Raffi"]
[Result "1-0"]
[WhiteElo "2474"]
[BlackElo "2178"]
[PlyCount "73"]
[EventDate "2023.03.17"]
[EventType "swiss"]
[EventRounds "9"]
[EventCountry "USA"]
[SourceTitle "CBM 213 Extra"]
[Source "ChessBase"]
[SourceDate "2023.05.31"]
[SourceVersion "1"]
[SourceVersionDate "2023.05.31"]
[SourceQuality "1"]

1. e4 c5 2. Nf3 d6 3. d4 cxd4 4. Nxd4 Nf6 5. Nc3 a6 6. Bg5 Nbd7 7. Qe2 e6 8. 0-0-0 Be7 9. f4 Qc7 10. g4 b5 11. a3 Bb7 12. h4 0-0 13. Rh3 Rfd8 14. Kb1 Rac8 15. h5 Nb6 16. Bg2 Nc4 17. Bh4 b4 18. axb4 d5 19. exd5 Nxd5 20. Bxd5 Bxd5 21. Bxe7 Qxe7 22. Nxd5 Rxd5 23. c3 Qd6 24. Rhd3 Qb8 25. Ka2 a5 26. b5 Kh8 27. b3 Nb6 28. c4 Nxc4 29. bxc4 Rxc4 30. Nc2 Ra4+ 31. Ra3 Rxf4 32. Rxd5 exd5 33. Re3 Re4 34. Rxe4 dxe4 35. Qxe4 h6 36. Qc6 Qf4 37. Qc8+ 1-0

[Event "Los Angeles 1000GM Inv 02"]
[Site "Los Angeles"]
[Date "2023.02.22"]
[Round "1"]
[White "Ghazaryan, Raffi"]
[Black "Gasparyan, Davit"]
[Result "1/2-1/2"]
[WhiteElo "2134"]
[BlackElo "2126"]
[PlyCount "49"]
[EventDate "2023.02.22"]
[EventType "tourn"]
[EventRounds "9"]
[EventCountry "USA"]
[SourceTitle "CBM 213 Extra"]
[Source "ChessBase"]
[SourceDate "2023.05.31"]
[SourceVersion "1"]
[SourceVersionDate "2023.05.31"]
[SourceQuality "1"]

1. e4 c5 2. Nf3 Nc6 3. Bb5 g6 4. Bxc6 dxc6 5. 0-0 Bg7 6. d3 Nf6 7. h3 Nd7 8. Nc3 h6 9. Be3 e5 10. Qd2 b6 11. Nh2 Nf8 12. f4 exf4 13. Bxf4 Ne6 14. Be3 Nd4 15. Rae1 Be6 16. Nd1 Qe7 17. c3 Nb5 18. a4 Nd6 19. b4 Rd8 20. Qc1 c4 21. Bd4 0-0 22. Bxg7 Kxg7 23. d4 Qg5 24. Qxg5 hxg5 25. g4 1/2-1/2

[Event "Poti op 15th"]
[Site "Poti"]
[Date "2022.07.21"]
[Round "6"]
[White "Movsisyan, Vardan"]
[Black "Ghazaryan, Raffi"]
[Result "1/2-1/2"]
[WhiteElo "2102"]
[BlackElo "1987"]
[PlyCount "46"]
[EventDate "2022.07.16"]
[EventType "swiss"]
[EventRounds "9"]
[EventCountry "GEO"]
[SourceTitle "CBM 209 Extra"]
[Source "ChessBase"]
[SourceDate "2022.09.30"]
[SourceVersion "1"]
[SourceVersionDate "2022.09.30"]
[SourceQuality "1"]

1. a3 e5 2. e4 Nf6 3. Nc3 Nc6 4. Nf3 d5 5. d3 Be7 6. Be2 d4 7. Nb1 0-0 8. b4 b5 9. c3 Bg4 10. 0-0 a5 11. c4 Bxf3 12. Bxf3 axb4 13. cxb5 Na7 14. axb4 Nxb5 15. Ra5 c6 16. Qa4 Rb8 17. Nd2 Nc3 18. Qxc6 Rb6 19. Qc4 Rxb4 20. Qa6 Rb6 21. Qc4 Rb4 22. Qa6 Rb6 23. Qc4 Rb8 1/2-1/2

[Event "North American op 31st"]
[Site "Las Vegas"]
[Date "2021.12.29"]
[Round "8"]
[White "Deviprasath, Sharvesh"]
[Black "Ghazaryan, Raffi"]
[Result "0-1"]
[WhiteElo "2225"]
[BlackElo "1866"]
[PlyCount "84"]
[EventDate "2021.12.26"]
[EventType "swiss"]
[EventRounds "9"]
[EventCountry "USA"]
[SourceTitle "CBM 205 Extra"]
[Source "ChessBase"]
[SourceDate "2022.01.31"]
[SourceVersion "1"]
[SourceVersionDate "2022.01.31"]
[SourceQuality "1"]

1. Nf3 c5 2. b3 d5 3. Bb2 f6 4. Nc3 e5 5. e4 d4 6. Nd5 Nc6 7. Bc4 Bd6 8. Nh4 g6 9. Qf3 Be6 10. 0-0 Nb4 11. Nxb4 Bxc4 12. bxc4 cxb4 13. a3 bxa3 14. Bxa3 Nh6 15. c5 Be7 16. Qb3 Qd7 17. f4 Nf7 18. fxe5 Nxe5 19. Nf3 Nc6 20. d3 0-0-0 21. Rfb1 g5 22. Nd2 f5 23. exf5 Rhf8 24. Ne4 Rxf5 25. Qa4 Rdf8 26. Rb2 Qd5 27. Rab1 Qf7 28. Nd2 Re5 29. Nf3 Re2 30. c4 Rxb2 31. Rxb2 g4 32. Rf2 gxf3 33. Rxf3 Qe6 34. Rxf8+ Bxf8 35. Qd1 Bh6 36. g3 Be3+ 37. Kg2 Qf5 38. Qf1 Qxf1+ 39. Kxf1 a5 40. Ke2 Ne5 41. c6 bxc6 42. Bd6 a4 0-1

[Event "Moscow op-A 16th"]
[Site "Moscow"]
[Date "2020.01.25"]
[Round "1"]
[White "Ghazaryan, Raffi"]
[Black "Suleymenov, Alisher"]
[Result "0-1"]
[WhiteElo "2068"]
[BlackElo "2382"]
[PlyCount "124"]
[EventDate "2020.01.25"]
[EventType "swiss"]
[EventRounds "9"]
[EventCountry "RUS"]
[SourceTitle "CBM 194 Extra"]
[Source "ChessBase"]
[SourceDate "2020.03.31"]
[SourceVersion "1"]
[SourceVersionDate "2020.03.31"]
[SourceQuality "1"]

1. e4 c5 2. Nc3 Nc6 3. Bb5 Nd4 4. Nf3 e6 5. 0-0 a6 6. Bd3 Nc6 7. Re1 g5 8. Kh1 Bg7 9. b3 g4 10. Ng1 h5 11. Bb2 Nge7 12. f4 d6 13. Nge2 b6 14. Rf1 Bd7 15. Rb1 Rg8 16. Ng3 Qc7 17. Nxh5 Bh8 18. e5 dxe5 19. Ne4 0-0-0 20. fxe5 Bxe5 21. Bxa6+ Kb8 22. Bxe5 Nxe5 23. Nef6 Rh8 24. Qe2 Bc6 25. b4 c4 26. Rbe1 N7g6 27. Qf2 Rh6 28. d4 cxd3 29. Bxd3 Rdh8 30. Bxg6 Nxg6 31. Kg1 Rxh5 32. Nxh5 Rxh5 33. Qg3 Rh7 34. c4 Nh4 35. Qxg4 f5 36. Qg3 Rg7 37. Qxc7+ Kxc7 38. g3 Nf3+ 39. Rxf3 Bxf3 40. Rxe6 Rd7 41. a4 Rd2 42. Re3 Bc6 43. a5 bxa5 44. bxa5 Rg2+ 45. Kf1 Rxh2 46. Ra3 Kb7 47. Rb3+ Ka7 48. Rb6 Bf3 49. c5 Rc2 50. Rf6 Rxc5 51. Kf2 Bg4 52. Ke3 Rc3+ 53. Kf2 Rf3+ 54. Kg2 Ra3 55. Kf2 Rxa5 56. Kg2 Ra6 57. Rf8 Kb6 58. Rf7 Ra2+ 59. Kg1 Kc5 60. Rd7 Bf3 61. Rf7 Be4 62. Rg7 Kd4 0-1